Potemra, M.: Školstvo na Slovensku v rokoch 1901-1918

Podrobná bibliografia
Hlavní autori: Balúnová, M. (Autor), Potemra, Michal, 1922-2002 (Autor)
Médium: Článok
Jazyk:slovenčina
Predmet:

MARC

LEADER 00000nab a2200000 a 4500
001 vtls000474918
003 SK-MaSNL
005 20260426072028.0
008 230223c1992 xo 0 slo
015 |a SNBRB19rr/mm-uuuuu 
035 |a CL0475052 
035 |a urn:nbn:sk:snk-ab7jhq 
035 |a (urnnbn)urn:nbn:sk:snk:ar-005yio 
035 |a (uuid)bf9cd818-6b19-4258-a734-615b663ea9ae 
040 |a SNKBUCL  |b slo  |c SNKBUCL  |e AACR2 
041 0 |a slo 
044 |a xo  |c SK 
080 |a 371(091)  |2 1981 
100 1 |a Balúnová, M.  |4 aut  |9 868921 
245 1 0 |a Potemra, M.: Školstvo na Slovensku v rokoch 1901-1918  |c M. Balúnová 
648 7 |a 1901-1918  |2 snkbucl  |9 457859 
650 0 7 |a školstvo  |2 snkbucl  |9 19712 
650 0 7 |a bibliografie  |2 snkbucl  |9 266061 
651 7 |a Slovensko  |2 snkbucl  |9 14231 
655 7 |a recenzie  |2 snkbucl  |9 21907 
655 7 |a články z novín a časopisov  |2 snkbucl  |9 267496 
700 1 |a Potemra, Michal,  |d 1922-2002  |4 aut  |9 185296 
773 0 |t Pedagogická revue  |g Roč. 44, č. 4 (1992), s. 318-320 
787 0 8 |i Rec.:  |a Potemra, Michal, 1922-2002  |t Školstvo na Slovensku v rokoch 1901-1918  |d Košice : Štátna vedecká knižnica, 1991 
850 |a Slovenská národná knižnica v Martine  |a MTA001 
852 |a SNK  |b KIS3GCP 
954 |a odborná, vedecká literatúra pôvodná (slovenská)  |2 lita 
958 |a OND 
958 |a EUIPO 
958 |a article7 
992 |a RBX 
999 |c 2684434  |d 2686364